| Tag |
First Indicator |
Second Indicator |
Subfields |
| LEADER |
00000cjm a2200000 a 4500 |
| 001 |
in00001185605 |
| 005 |
20151001092659.0 |
| 007 |
sd fungnn|m|ee |
| 008 |
930706r1993 nyu n eng d |
| 024 |
1 |
|
|a 3250115672
|
| 028 |
0 |
2 |
|a ST-CD-567--ST-CD-570
|b Stash Records
|
| 035 |
|
|
|a (OCoLC)28387084
|
| 035 |
|
|
|9 AGG3066AM
|
| 040 |
|
|
|a CZA
|c CZA
|d IKG
|d TXA
|d UtOrBLW
|
| 049 |
|
|
|a TXAV
|
| 090 |
|
|
|a M1366.P162
|b C6 1993
|
| 100 |
1 |
|
|a Parker, Charlie,
|d 1920-1955.
|
| 245 |
1 |
4 |
|a The complete Dial sessions /
|c Charlie Parker.
|
| 264 |
|
1 |
|a New York, NY :
|b Stash Records,
|c [1993]
|
| 264 |
|
4 |
|c ℗1993
|
| 300 |
|
|
|a 4 sound discs (4 hrs., 15 min.) :
|b digital ;
|c 4 3/4 in.
|
| 336 |
|
|
|a performed music
|b prm
|2 rdacontent
|
| 337 |
|
|
|a audio
|b s
|2 rdamedia
|
| 338 |
|
|
|a audio disc
|b sd
|2 rdacarrier
|
| 500 |
|
|
|a Compact discs.
|
| 511 |
0 |
|
|a Charlie Parker, alto saxophone; Dizzy Gillespie, Miles Davis, Howard McGhee, or Mel Broiles, trumpet; Lucky Thompson or Wardell Gray, tenor saxophone; George Handy, Dodo Marmorosa, Jimmy Bunn, Russ Freeman, Erroll Garner, or Duke Jordan, piano; Stan Levy, Roy Porter, Harold West, Don Lamond, or Max Roach, drums; with other musicians.
|
| 518 |
|
|
|a Recorded Feb. 5, 1946-Dec. 17, 1947.
|
| 500 |
|
|
|a Selections previously released.
|
| 500 |
|
|
|a Program notes, recording data, original release information, and durations ([15] pages : ill.) inserted in container.
|
| 500 |
|
|
|a 4 sound discs in 2 containers.
|
| 505 |
0 |
|
|a Disc one. Hollywood sessions, I: Moose the Mooche. Diggin' Diz ; Moose the Mooche ; Yardbird suite ; Ornithology ; A night in Tunisia ; Max (is) making wax ; Lover man ; The gypsy ; Bebop ; Blues #1 ; Blues #2 ; Lullaby in rhythm ; Home cookin' -- Disc two. Hollywood sessions, II: Relaxin' at Camarillo. This is always ; Dark shadows ; Bird's nest ; Cool blues ; Relaxin' at Camarillo ; Cheers ; Carvin' the Bird ; Stupendous -- Disc three. New York sessions, I: Scrapple from the Apple. Dexterity ; Bongo bop ; Dewey Square ; The hymn ; Bird of paradise ; Embraceable you ; Bird feathers ; Klact-oveeseds-tene ; Scrapple from the Apple -- Disc four. New York sessions, II: Drifting on a reed. My old flame ; Out of nowhere ; Don't blame me ; Drifting on a reed ; Quasimado ; Charlie's wig ; Bongo beep ; Crazeology ; How deep is the ocean?
|
| 500 |
|
|
|a Sound recording.
|
| 650 |
|
0 |
|a Bop (Music)
|
| 650 |
|
0 |
|a Jazz
|y 1941-1950.
|
| 650 |
|
0 |
|a Saxophone with jazz ensemble.
|
| 700 |
1 |
|
|a Gillespie, Dizzy,
|d 1917-1993.
|
| 700 |
1 |
|
|a Davis, Miles.
|
| 700 |
1 |
|
|a McGhee, Howard,
|d 1918-1987.
|
| 700 |
1 |
|
|a Thompson, Lucky,
|d 1924-2005.
|
| 700 |
1 |
|
|a Marmarosa, Dodo.
|
| 700 |
1 |
|
|a Garner, Erroll.
|
| 700 |
1 |
|
|a Jordan, Duke,
|d 1922-2006.
|
| 700 |
1 |
|
|a Gray, Wardell,
|d 1921-1955.
|
| 700 |
1 |
|
|a Roach, Max,
|d 1924-2007.
|
| 999 |
|
|
|a MARS
|
| 999 |
f |
f |
|s d98fa02f-5574-3be1-85b9-412b98a14cea
|i 2a38ed8c-e69e-32c7-aa88-193d861e0ca5
|t 0
|
| 952 |
f |
f |
|p ric
|a Texas A&M University
|b Rellis Campus
|c Joint Library Facility
|d Remote Storage
|t 0
|e M1366.P162 C6 1993
|h Library of Congress classification
|i audio -- audio disc
|k disc 3-4
|m A14818907970
|
| 952 |
f |
f |
|p ric
|a Texas A&M University
|b Rellis Campus
|c Joint Library Facility
|d Remote Storage
|t 0
|e M1366.P162 C6 1993
|h Library of Congress classification
|i audio -- audio disc
|k disc 1-2
|m A14810193420
|
| 998 |
f |
f |
|a M1366.P162 C6 1993
|s disc 1-4
|t 0
|l Remote Storage
|